Gettysburg Address - Speed Typing Test - Statistics

General Stats
  • This quiz has been taken 54 times
  • The average score is 9 of 10
Answer Stats
Sections Typed copies: % Correct
Four score and seven years ago our fathers brought forth on this continent, a new nation, conceived in Liberty, and dedicated to the proposition that all men are created equal. Four score and seven years ago our fathers brought forth on this continent, a new nation, conceived in Liberty, and dedicated to the proposition that all men are created equal.
100%
But, in a larger sense, we can not dedicate -- we can not consecrate -- we can not hallow -- this ground. But, in a larger sense, we can not dedicate -- we can not consecrate -- we can not hallow -- this ground.
98%
Now we are engaged in a great civil war, testing whether that nation, or any nation so conceived and so dedicated, can long endure. We are met on a great battle-field of that war. Now we are engaged in a great civil war, testing whether that nation, or any nation so conceived and so dedicated, can long endure. We are met on a great battle-field of that war.
98%
The brave men, living and dead, who struggled here, have consecrated it, far above our poor power to add or detract. The brave men, living and dead, who struggled here, have consecrated it, far above our poor power to add or detract.
98%
We have come to dedicate a portion of that field, as a final resting place for those who here gave their lives that that nation might live. It is altogether fitting and proper that we should do this. We have come to dedicate a portion of that field, as a final resting place for those who here gave their lives that that nation might live. It is altogether fitting and proper that we should do this.
98%
The world will little note, nor long remember what we say here, but it can never forget what they did here. The world will little note, nor long remember what we say here, but it can never forget what they did here.
95%
It is for us the living, rather, to be dedicated here to the unfinished work which they who fought here have thus far so nobly advanced. It is for us the living, rather, to be dedicated here to the unfinished work which they who fought here have thus far so nobly advanced.
91%
It is rather for us to be here dedicated to the great task remaining before us -- that from these honored dead we take increased devotion to that cause for which they gave the last full measure of devotion It is rather for us to be here dedicated to the great task remaining before us -- that from these honored dead we take increased devotion to that cause for which they gave the last full measure of devotion
86%
-- that we here highly resolve that these dead shall not have died in vain -- that this nation, under God, shall have a new birth of freedom -- that we here highly resolve that these dead shall not have died in vain -- that this nation, under God, shall have a new birth of freedom
84%
-- and that government of the people, by the people, for the people, shall not perish from the earth. -- and that government of the people, by the people, for the people, shall not perish from the earth.
79%
No matching quizzes found
Score Distribution
Percent of People with Each Score
Percentile by Number Answered
Your Score History
You have not taken this quiz